Statistiques concernant 10 questions sur une ville française #2 : MARSEILLE

Cliquez ici pour prendre le quiz!

Statistiques générales

  • Ce quiz a été pris 406 fois
  • Le résultat moyen est 6 sur 10

Statistiques - réponses

QuestionRéponse% Correct
Quel classement occupe-t-elle en termes d'habitants en France ?2ème
96%
Combien d'arrondissements compte-t-elle ?16
94%
Quelles sont les couleurs du drapeau de Marseille ?Bleu et blanc
89%
Quel adjectif qualifie le port le plus ancien de Marseille ?Vieux
87%
En quel année l'Olympique de Marseille a-t-il remporté la Ligue des Champions en Football ?1993
82%
Avec quelles villes portuaires italiennes Marseille est-elle jumelée ?Gênes
57%
Naples
57%
Combien Marseille compte-t-elle d'habitants ? (à 10 000 près)861 635
36%
Quelle est sa superficie ? (à 10 km² près)240,62 km²
33%
Dans quelle ville francophone, jumelée avec Marseille trouve-t-on le boulevard de Marseille ?Abidjan
8%

Distribution des résultats

Percentile par nombre de réponses

% des personnes avec chaque résultat

Votre développement - résultats

Vous n’avez pas pris ce quiz